[Event "BCF-chT4S 1920 (4NCL)"]
[Site "England"]
[Date "2020.01.12"]
[Round "4.96"]
[White "Woolgar, Steven G"]
[Black "Weersing, Sarah"]
[Result "1/2-1/2"]
[WhiteElo "1651"]
[BlackElo "1652"]
[PlyCount "96"]
[EventDate "2019.11.09"]
[EventType "team-swiss"]
[EventRounds "11"]
[EventCountry "ENG"]
[SourceTitle "EXT 2022"]
[Source "ChessBase"]
[SourceDate "2021.10.06"]
[SourceVersion "1"]
[SourceVersionDate "2021.10.06"]
[SourceQuality "1"]
[WhiteTeam "Throw in the Tal"]
[BlackTeam "Poisoned Pawns Next Generation"]
[WhiteTeamCountry "ENG"]
[BlackTeamCountry "ENG"]

1. c4 Nc6 2. Nc3 e5 3. g3 Nf6 4. Bg2 Bc5 5. e3 d6 6. Nge2 Bf5 7. e4 Be6 8. d3 h6 9. a3 Ne7 10. 0-0 0-0 11. b4 Bb6 12. Na4 c6 13. Nxb6 Qxb6 14. Be3 Qc7 15. Qd2 d5 16. cxd5 cxd5 17. Rfc1 Qd7 18. Bc5 Rfd8 19. Bxe7 Qxe7 20. Qb2 dxe4 21. dxe4 Qd6 22. Nc3 a6 23. h3 Rac8 24. Rd1 Qc7 25. Rxd8+ Rxd8 26. Rc1 Rc8 27. Ne2 Qd6 28. Rxc8+ Bxc8 29. Qc2 Bd7 30. Nc3 Bc6 31. f3 Nh5 32. Kh2 Qd4 33. Nd5 Bxd5 34. exd5 Qxd5 35. f4 Qe6 36. fxe5 Qxe5 37. Qd3 Qc7 38. Qe3 Nf6 39. Qf3 b6 40. Qa8+ Kh7 41. Qxa6 g6 42. Qd3 Nd7 43. Qb3 Ne5 44. a4 h5 45. h4 Ng4+ 46. Kh3 Nf2+ 47. Kh2 Ng4+ 48. Kh3 Nf2+ 1/2-1/2

[Event "BCF-chT4S 1718 (4NCL)"]
[Site "England"]
[Date "2018.05.06"]
[Round "10.24"]
[White "Woolgar, Steven G"]
[Black "Kenning, Paul H"]
[Result "0-1"]
[WhiteElo "1759"]
[BlackElo "1855"]
[PlyCount "58"]
[EventDate "2017.11.11"]
[EventType "team-swiss"]
[EventRounds "11"]
[EventCountry "ENG"]
[SourceTitle "EXT 2020"]
[Source "ChessBase"]
[SourceDate "2019.10.17"]
[SourceVersion "1"]
[SourceVersionDate "2019.10.17"]
[SourceQuality "1"]
[WhiteTeam "Throw in the Tal"]
[BlackTeam "Iceni II"]
[WhiteTeamCountry "ENG"]
[BlackTeamCountry "ENG"]

1. c4 d6 2. Nc3 e5 3. g3 f5 4. d3 Nf6 5. Bg2 Be7 6. Nf3 0-0 7. c5 c6 8. 0-0 Na6 9. cxd6 Bxd6 10. a3 Qe8 11. h4 Qg6 12. Qe1 f4 13. Ng5 Nc5 14. Nce4 Ncxe4 15. Nxe4 Nxe4 16. Bxe4 Bf5 17. Bxf5 Rxf5 18. b4 Raf8 19. e4 R5f7 20. Kg2 Be7 21. Rh1 fxg3 22. fxg3 Rf3 23. Be3 Qg4 24. Ra2 R8f6 25. Rd2 Rg6 26. Bf2 Bxh4 27. Rh3 Bg5 28. Rd1 a6 29. Qe2 Rxg3+ 0-1

[Event "BCF-chT4S 1718 (4NCL)"]
[Site "England"]
[Date "2018.02.11"]
[Round "6.86"]
[White "Fowler, Caspian"]
[Black "Woolgar, Steven G"]
[Result "1-0"]
[WhiteElo "1458"]
[BlackElo "1759"]
[PlyCount "61"]
[EventDate "2017.11.11"]
[EventType "team-swiss"]
[EventRounds "11"]
[EventCountry "ENG"]
[SourceTitle "EXT 2020"]
[Source "ChessBase"]
[SourceDate "2019.10.17"]
[SourceVersion "1"]
[SourceVersionDate "2019.10.17"]
[SourceQuality "1"]
[WhiteTeam "West is Best IV"]
[BlackTeam "Throw in the Tal"]
[WhiteTeamCountry "WLS"]
[BlackTeamCountry "ENG"]

1. e4 c5 2. c3 d5 3. exd5 Qxd5 4. d4 Nf6 5. Nf3 Bg4 6. Be2 e6 7. Be3 Be7 8. 0-0 0-0 9. h3 Bh5 10. Re1 Nbd7 11. Nbd2 Qc6 12. Ne5 Nxe5 13. dxe5 Bxe2 14. Qxe2 Nd5 15. Qf3 Rac8 16. Qg3 Nxe3 17. Rxe3 f5 18. exf6 Rxf6 19. Rae1 Rcf8 20. Nf3 Bd6 21. Qh4 Bf4 22. R3e2 Rg6 23. Re4 Bc7 24. Ng5 Rh6 25. Qg4 e5 26. Rxe5 Rhf6 27. Re6 Qd5 28. Rxf6 Rxf6 29. Re8+ Rf8 30. Ne6 Bh2+ 31. Kh1 1-0

[Event "BCF-chT4S 1617 (4NCL)"]
[Site "England"]
[Date "2016.11.27"]
[Round "2.62"]
[White "Woolgar, Steven G"]
[Black "Fernando, Manel"]
[Result "1-0"]
[WhiteElo "1757"]
[BlackElo "1621"]
[PlyCount "59"]
[EventDate "2016.11.26"]
[EventType "team-swiss"]
[EventRounds "11"]
[EventCountry "ENG"]
[SourceTitle "EXT 2019"]
[Source "ChessBase"]
[SourceDate "2018.10.10"]
[SourceVersion "1"]
[SourceVersionDate "2018.10.10"]
[SourceQuality "1"]
[WhiteTeam "Throw in the Tal II"]
[BlackTeam "The Pitstop"]
[WhiteTeamCountry "ENG"]
[BlackTeamCountry "ENG"]

1. c4 e5 2. Nc3 Nf6 3. g3 Be7 4. Bg2 d6 5. d3 c6 6. Nf3 Be6 7. 0-0 0-0 8. Bd2 Nbd7 9. Rc1 Rc8 10. e4 d5 11. cxd5 cxd5 12. Ng5 Bg4 13. f3 Qb6+ 14. Kh1 Be6 15. Nxe6 fxe6 16. b3 Nc5 17. Bg5 dxe4 18. fxe4 Rcd8 19. Be3 Qa6 20. Bxc5 Bxc5 21. Rf3 Ng4 22. Rxf8+ Rxf8 23. Qxg4 Rf6 24. Ne2 b6 25. Rf1 Rxf1+ 26. Bxf1 Qxd3 27. Qxe6+ Kf8 28. Qf5+ Kg8 29. Ng1 Qe3 30. Bc4+ 1-0

[Event "BCF-chT4 1516 (4NCL)"]
[Site "England"]
[Date "2016.05.01"]
[Round "10.99"]
[White "Woolgar, Steven G"]
[Black "Goodwin, Ed H"]
[Result "1-0"]
[WhiteElo "1690"]
[BlackElo "1860"]
[PlyCount "103"]
[EventDate "2015.11.14"]
[EventType "team-swiss"]
[EventRounds "11"]
[EventCountry "ENG"]
[SourceTitle "EXT 2017"]
[Source "ChessBase"]
[SourceDate "2016.10.25"]
[SourceVersion "1"]
[SourceVersionDate "2016.10.25"]
[SourceQuality "1"]
[WhiteTeam "Throw in the Tal II"]
[BlackTeam "Throw in the Tal"]
[WhiteTeamCountry "ENG"]
[BlackTeamCountry "ENG"]

1. c4 f5 2. Nf3 Nf6 3. g3 e6 4. Nc3 Be7 5. d3 d6 6. Bg2 0-0 7. 0-0 Nc6 8. Re1 Qe8 9. e4 e5 10. exf5 Bxf5 11. Ne4 Nxe4 12. dxe4 Be6 13. b3 h6 14. a3 Rf6 15. Be3 Qf7 16. Nh4 Kh8 17. Ra2 Rf8 18. Qd3 g5 19. Nf5 Bxf5 20. exf5 Rxf5 21. Be4 Rf6 22. Bd5 Qh5 23. Qe4 Qg6 24. Bxc6 bxc6 25. Qxc6 Qd3 26. Qb7 a5 27. a4 Qc3 28. Rc1 Qd3 29. Rd2 Qf5 30. Qxc7 Bd8 31. Qc6 Be7 32. Qd5 e4 33. Bd4 Kh7 34. Bxf6 Rxf6 35. Qxf5+ Rxf5 36. Rd5 Rf3 37. Rb1 e3 38. fxe3 Rxe3 39. Rxa5 Bf6 40. Rd5 Re4 41. Rxd6 Bc3 42. Kf2 Bd4+ 43. Rxd4 Rxd4 44. Ke3 Rd8 45. Rb2 Kg6 46. a5 Kf5 47. b4 Ke5 48. c5 Rd1 49. a6 Ra1 50. b5 Ra3+ 51. Kd2 Kd5 52. b6 1-0

[Event "BCF-chT4 1516 (4NCL)"]
[Site "England"]
[Date "2016.03.19"]
[Round "7.217"]
[White "Balouka Myers, Toby"]
[Black "Woolgar, Steven G"]
[Result "0-1"]
[WhiteElo "1465"]
[BlackElo "1690"]
[PlyCount "86"]
[EventDate "2015.11.14"]
[EventType "team-swiss"]
[EventRounds "11"]
[EventCountry "ENG"]
[SourceTitle "EXT 2017"]
[Source "ChessBase"]
[SourceDate "2016.10.25"]
[SourceVersion "1"]
[SourceVersionDate "2016.10.25"]
[SourceQuality "1"]
[WhiteTeam "Barnet Knights III"]
[BlackTeam "Throw in the Tal II"]
[WhiteTeamCountry "ENG"]
[BlackTeamCountry "ENG"]

1. c4 c5 2. Nc3 g6 3. Nf3 Bg7 4. d4 cxd4 5. Nxd4 Nc6 6. e3 Nf6 7. Be2 0-0 8. 0-0 d6 9. b3 Bd7 10. Bb2 a6 11. Qd2 Rc8 12. Rad1 Nxd4 13. exd4 Bf5 14. Bf3 Qc7 15. Rfe1 Rfe8 16. Qe3 Qd7 17. Na4 Qc7 18. d5 Bg4 19. Bd4 Bxf3 20. Qxf3 b5 21. Nb6 Rcd8 22. Rc1 Qb7 23. a4 bxa4 24. bxa4 e5 25. Be3 Nd7 26. Rb1 Qc7 27. Nxd7 Rxd7 28. Bb6 Qxc4 29. a5 e4 30. Qb3 Qxb3 31. Rxb3 f5 32. f3 Bh6 33. Bd4 Bg7 34. Bxg7 Kxg7 35. Rbe3 Rde7 36. fxe4 Rxe4 37. Kf2 Kf6 38. Kf3 Rxe3+ 39. Rxe3 Rxe3+ 40. Kxe3 Ke5 41. h3 g5 42. g3 Kxd5 43. Kd3 h5 0-1

[Event "BCF-chT3 0910 (4NCL)"]
[Site "England"]
[Date "2010.05.01"]
[Round "9.3"]
[White "Woolgar, Steven G"]
[Black "Pattni, Kishan"]
[Result "1-0"]
[WhiteElo "1698"]
[BlackElo "1762"]
[PlyCount "55"]
[EventDate "2009.10.24"]
[EventType "team-tourn"]
[EventRounds "11"]
[EventCountry "ENG"]
[SourceTitle "EXT 2011"]
[Source "ChessBase"]
[SourceDate "2010.11.26"]
[SourceVersion "1"]
[SourceVersionDate "2010.11.26"]
[SourceQuality "1"]
[WhiteTeam "Bristol III"]
[BlackTeam "Oxford III"]
[WhiteTeamCountry "ENG"]
[BlackTeamCountry "ENG"]

1. c4 f5 2. Nc3 Nf6 3. d4 e6 4. Nf3 Be7 5. e3 0-0 6. Bd3 d6 7. 0-0 b6 8. Re1 d5 9. cxd5 exd5 10. Qc2 Ne4 11. Nxd5 c6 12. Nxe7+ Qxe7 13. Ne5 Qh4 14. Bxe4 fxe4 15. Qc4+ Kh8 16. Nf7+ Rxf7 17. Qxf7 Qd8 18. b3 Nd7 19. Ba3 Bb7 20. Rac1 Qc7 21. Red1 a5 22. d5 c5 23. Bb2 Rg8 24. d6 Qc6 25. Rd2 Bc8 26. Rd5 Nf8 27. Rcd1 Be6 28. Bxg7+ 1-0